| 000 | 00835cab a2200277 4500 | ||
|---|---|---|---|
| 001 | WB2930-46 | ||
| 008 | 090401t1993 xxu||||| |||| 00| 0 eng d | ||
| 035 | _a(Sirsi) u90316 | ||
| 041 | _aeng | ||
| 245 | _aLeaseholders get go-ahead | ||
| 260 | _c1993 | ||
| 350 | _a0 | ||
| 490 |
_aFinancial Times _v31 July 1993, W5(2) |
||
| 520 | _aSummarises the Leasehold Reform Housing and Urban Development Act provisions relating to flat owners. | ||
| 650 | _aEXTENSION OF LEASE | ||
| 650 | _aFREEHOLD | ||
| 650 | _aLEASEHOLD ENFRANCHISEMENT | ||
| 650 | _aLEASEHOLD REFORM, HOUSING AND URBAN DEVELOPMENT ACT 1993 | ||
| 650 | _aMANAGEMENT COMPANY | ||
| 650 | _aMARRIAGE VALUE | ||
| 650 | _aRESIDENCY TEST | ||
| 650 | _aRIGHT TO MANAGE | ||
| 690 | _aLANDLORD AND TENANT-LEASEHOLD REFORM | ||
| 942 | _n0 | ||
| 948 | _c04/03/1997 | ||
| 999 |
_c57249 _d57249 |
||